Introducing aplied linguistics

Gespeichert in:
Bibliographische Detailangaben
1. Verfasser: Corder, S. Pit
Format: Buch
Sprache:Undetermined
Veröffentlicht: Great Britain Penguin Education 1975
Schlagworte:
Tags: Tag hinzufügen
Keine Tags, Fügen Sie den ersten Tag hinzu!

MARC

LEADER 00000nam a2200000Ia 4500
008 170316s9999 xx 000 0 und d
090 |a 410 C-18i 
100 |a Corder, S. Pit 
245 |a Introducing aplied linguistics 
260 |a Great Britain 
260 |b Penguin Education 
260 |c 1975 
300 |a 392 páginas 
650 |a LINGÜÍSTICA 
999 |c 18277  |d 18277 
040 |a cru BVZT 
942 |c 15 D  |h 410 C-18i  |2 z